[Event "Cairo Al Ain op"]
[Site "Cairo"]
[Date "2023.12.02"]
[Round "9"]
[White "Tamer Refaat, Joury"]
[Black "Ismail, Hany"]
[Result "0-1"]
[WhiteElo "1366"]
[BlackElo "1774"]
[PlyCount "148"]
[EventDate "2023.11.27"]
[EventType "swiss"]
[EventRounds "10"]
[EventCountry "EGY"]
[SourceTitle "CBM 217 Extra"]
[Source "ChessBase"]
[SourceDate "2024.01.31"]
[SourceVersion "1"]
[SourceVersionDate "2024.01.31"]
[SourceQuality "1"]

1. d4 d5 2. Nf3 Nf6 3. Bf4 c6 4. e3 Bf5 5. Bd3 Bxd3 6. cxd3 e6 7. 0-0 Bd6 8. Be5 Qc7 9. Nc3 Nbd7 10. Bxd6 Qxd6 11. e4 Qb4 12. Qd2 0-0 13. Nxd5 Nxd5 14. exd5 Qxd2 15. Nxd2 exd5 16. Rfe1 Rfe8 17. Nf3 f6 18. a4 Kf7 19. a5 Rxe1+ 20. Rxe1 Re8 21. Kf1 Rxe1+ 22. Kxe1 Ke6 23. b4 Nb8 24. Kd2 Na6 25. Kc3 Nc7 26. Kd2 g6 27. Ne1 Ne8 28. Ke3 Nd6 29. Nc2 Nb5 30. h3 Kf5 31. Kf3 h6 32. g3 h5 33. Ne3+ Ke6 34. Nc2 Nd6 35. Ke2 Nf5 36. Kf3 g5 37. g4 Ng7 38. Ne3 f5 39. Kg2 fxg4 40. hxg4 hxg4 41. Kg3 Nf5+ 42. Kxg4 Nxd4 43. Kxg5 Nf3+ 44. Kg4 Ne5+ 45. Kg5 Nxd3 46. f4 Nf2 47. Kg6 Ne4 48. f5+ Ke5 49. Ng4+ Kf4 50. f6 Nxf6 51. Nxf6 d4 52. Nh5+ Ke3 53. Ng3 d3 54. Kf5 d2 55. Nf1+ Ke2 56. Nxd2 Kxd2 57. Ke4 Kc3 58. Ke3 Kxb4 59. Kd3 Kxa5 60. Kc3 Kb5 61. Kb3 c5 62. Kc3 a5 63. Kb3 a4+ 64. Ka3 Ka5 65. Kb2 b5 66. Ka3 b4+ 67. Kb2 c4 68. Kb1 a3 69. Ka2 Ka4 70. Ka1 b3 71. Kb1 c3 72. Ka1 Kb4 73. Kb1 Kc4 74. Ka1 Kd3 0-1